Country names/acronyms that Jetpunk allows - Statistics

General Stats
  • This quiz has been taken 30 times
    14 since last reset
  • The average score is 21 of 27
Answer Stats
Hint Answer % Correct
Dominican Republic Dr
100%
Democratic Republic of the Congo Drc
100%
Central African Republic Car
91%
Colombia Columbia
91%
Papua New Guinea Png
91%
China Prc
91%
St Kitts and Nevis St Kitts
91%
Turkey Turkiye
91%
United Arab Emirates Uae
91%
United KIngdom Uk
91%
United States of America Usa
91%
Antigua and Barbuda Antigua
82%
Bosnia and herzegovina Bosnia
82%
Cape Verde Cabo Verde
82%
Republic of the Congo Congo
82%
North Macedonia Macedonia
82%
New Zealand Nz
82%
Sao Tome and Principe Sao Tome
82%
St Vincent and The Grenadines St Vincent
82%
East Timor Timor Leste
82%
Ivory Coast Cote d'Ivoire
73%
Federated States of Micronesia Fsm
73%
South Korea Rok
55%
Vatican City Holy See
45%
Switzerland Switserland
27%
Hungary Hungery
18%
Kazakhstan Kazachstan
18%
No matching quizzes found
Score Distribution
Percent of People with Each Score
Percentile by Number Answered
Your Score History
You have not taken this quiz since the last reset